Survey on foot and mouth disease and haemorrhagic septicemia in cattle in bosedth district, kampong speu province, អង្កេតលើជំងឺអុតក្ដាម និងសាទឹកគោនៅស្រុកបរសេដ្ឋ ខេត្តកំពង់ស្ពឺ (Record no. 10644)
[ view plain ]
| 000 -LEADER | |
|---|---|
| fixed length control field | 00675nam a22001577a 4500 |
| 003 - CONTROL NUMBER IDENTIFIER | |
| control field | OSt |
| 005 - DATE AND TIME OF LATEST TRANSACTION | |
| control field | 20161101103442.0 |
| 008 - FIXED-LENGTH DATA ELEMENTS--GENERAL INFORMATION | |
| fixed length control field | 161101b xxu||||| |||| 00| 0 eng d |
| 040 ## - CATALOGING SOURCE | |
| Transcribing agency | RUA |
| 082 ## - DEWEY DECIMAL CLASSIFICATION NUMBER | |
| Classification number | VEM CHH 2015 B525 Or.1 |
| 100 ## - MAIN ENTRY--PERSONAL NAME | |
| 9 (RLIN) | 11059 |
| Personal name | CHHORN CHANTHA; ឆន ចន្ថា |
| 245 ## - TITLE STATEMENT | |
| Title | Survey on foot and mouth disease and haemorrhagic septicemia in cattle in bosedth district, kampong speu province, អង្កេតលើជំងឺអុតក្ដាម និងសាទឹកគោនៅស្រុកបរសេដ្ឋ ខេត្តកំពង់ស្ពឺ |
| 260 ## - PUBLICATION, DISTRIBUTION, ETC. (IMPRINT) | |
| Place of publication, distribution, etc. | RUA |
| Name of publisher, distributor, etc. | CHH |
| Date of publication, distribution, etc. | 2015 |
| 300 ## - PHYSICAL DESCRIPTION | |
| Extent | ix,41p. |
| Other physical details | ill. |
| Dimensions | 29cm. |
| 942 ## - ADDED ENTRY ELEMENTS (KOHA) | |
| Source of classification or shelving scheme | |
| Koha item type | VEM |
| Price effective from | Date last seen | Permanent Location | Not for loan | Date acquired | Source of classification or shelving scheme | Koha item type | Barcode | Lost status | Damaged status | Shelving location | Withdrawn status | Current Location | Full call number |
|---|---|---|---|---|---|---|---|---|---|---|---|---|---|
| 2016-11-01 | 2016-11-01 | Library Block B | 2016-11-01 | VEM | A00675 | B525 | Library Block B | VEM CHH 2015 B525 Or.1 | |||||
| 2016-11-01 | 2016-11-01 | Library Block B | 2016-11-01 | VEM | A02436 | B525 | Library Block B | VEM CHH 2015 B525 Or.2 | |||||
| 2016-11-01 | 2016-11-01 | Library Block B | 2016-11-01 | VEM | A00736 | B525 | Library Block B | VEM CHH 2015 B525 Or.3 | |||||
| 2016-11-01 | 2016-11-01 | Library Block B | 2016-11-01 | VEM | A01354 | B525 | Library Block B | VEM CHH 2015 B525 Or.4 | |||||
| 2016-11-01 | 2016-11-01 | Library Block B | 2016-11-01 | VEM | A01179 | B525 | Library Block B | VEM CHH 2015 B525 Or.5 | |||||
| 2016-11-01 | 2016-11-01 | Library Block B | 2016-11-01 | VEM | A02780 | B525 | Library Block B | VEM CHH 2015 B525 Or.6 | |||||
| 2016-11-01 | 2016-11-01 | Library Block B | 2016-11-01 | VEM | A00670 | B525 | Library Block B | VEM CHH 2015 B525 Or.7 | |||||
| 2016-11-01 | 2016-11-01 | Library Block B | 2016-11-01 | VEM | A00745 | B525 | Library Block B | VEM CHH 2015 B525 Or.8 | |||||
| 2016-11-11 | 2016-11-11 | Library Block B | 2016-11-11 | VEM | RUA061216 | B525 | Library Block B | VEM CHH 2015 B525 Or.9 | |||||
| 2016-11-11 | 2016-11-11 | Library Block B | 2016-11-11 | VEM | RUA061099 | B525 | Library Block B | VEM CHH 2015 B525 Or.10 |